书目信息 |
| 题名: |
SolidWorks 2007中文版机械设计专家指导教程
|
|
| 作者: | 赵健 , 胡仁喜 , 康士廷 编著 | |
| 分册: | ||
| 出版信息: | 北京 机械工业出版社 2007.06 |
|
| 页数: | 321页 | |
| 开本: | 26cm | |
| 丛书名: | 三维造型设计专家指导系列 | |
| 单 册: | ||
| 中图分类: | TH122 | |
| 科图分类: | ||
| 主题词: | 机械设计--ji xie she ji--计算机辅助设计--应用软件--教材 | |
| 电子资源: | ||
| ISBN: | 978-7-111-21500-4 | |
| 000 | 01199nam 2200289 450 | |
| 001 | 012007067774 | |
| 005 | 20071107091821.68 | |
| 010 | @a978-7-111-21500-4@dCNY40.00 (含光盘) | |
| 100 | @a20071106d2007 km y0chiy0120 ea | |
| 101 | 0 | @achi |
| 102 | @aCN@b110000 | |
| 105 | @aa z 000yy | |
| 106 | @ar | |
| 200 | 1 | @aSolidWorks 2007中文版机械设计专家指导教程@ASolidWorks 2007 zhong wen ban ji xie she ji zhuan jia zhi dao jiao cheng@f赵健, 胡仁喜, 康士廷等编著@Fzhao jian,hu ren xi,kang shi ting deng bian zhu |
| 210 | @a北京@c机械工业出版社@d2007.06 | |
| 215 | @a321页@c图@d26cm@e光盘1片 | |
| 225 | 2 | @a三维造型设计专家指导系列@Asan wei zao xing she ji zhuan jia zhi dao xi lie |
| 307 | @a光盘 ISBN : 978-7-89482-217-8 | |
| 330 | @a本书分15章重点介绍了Solidworks 2007中文版在机械设计中的应用方法与技巧。全书介绍了各种机械零件、装配图和工程图的设计方法与技巧。 | |
| 410 | 0 | @12001 @a三维造型设计专家指导系列 |
| 606 | 0 | @a机械设计@Aji xie she ji@x计算机辅助设计@x应用软件@j教材 |
| 690 | @aTH122@v4 | |
| 701 | 0 | @a赵健@Azhao jian@4编著 |
| 701 | 0 | @a胡仁喜@Ahu ren xi@4编著 |
| 701 | 0 | @a康士廷@Akang shi ting@4编著 |
| 801 | 0 | @aCN@b@c20071107 |
| 905 | @b264984-85@dTH122@eZ305@f2 | |
| SolidWorks 2007中文版机械设计专家指导教程/赵健, 胡仁喜, 康士廷等编著.-北京:机械工业出版社,2007.06 |
| 321页:图;26cm+光盘1片.-(三维造型设计专家指导系列) |
| ISBN 978-7-111-21500-4:CNY40.00 (含光盘) |
| 本书分15章重点介绍了Solidworks 2007中文版在机械设计中的应用方法与技巧。全书介绍了各种机械零件、装配图和工程图的设计方法与技巧。 |
| ● |
| 相关链接 |
|
|
|
正题名:SolidWorks 2007中文版机械设计专家指导教
索取号:TH122/Z305
 
预约/预借
| 序号 | 登录号 | 条形码 | 馆藏地/架位号 | 状态 | 备注 |
| 1 | 264984 | 202649848 | 自科库501/ [索取号:TH122/Z305] | 在馆 | |
| 2 | 264985 | 202649857 | 自科库501/501自科库 34排3列1层/ [索取号:TH122/Z305] | 在馆 |